|
|
|
|
| LEADER |
01316nam a2200349 a 4500 |
| 001 |
000014874 |
| 003 |
CZ BrMZK |
| 005 |
20080514072210.0 |
| 007 |
ta |
| 008 |
940520s1994 xr abe f p 000 m cze d |
| 015 |
|
|
|a cnb000085945
|
| 020 |
|
|
|a 80-7079-580-8
|c 32.00
|
| 035 |
|
|
|a (OCoLC)39580347
|
| 040 |
|
|
|a BOA001
|b cze
|
| 080 |
|
|
|a 711:719(075.8)
|2 MRF
|
| 080 |
|
|
|a 719:711(075.8)
|2 MRF
|
| 080 |
|
|
|a 504.75:711(075.8)
|2 MRF
|
| 080 |
|
|
|a 711:504.75(075.8)
|2 MRF
|
| 100 |
1 |
|
|a Opplová, Marta
|7 ola2004253824
|4 aut
|
| 245 |
1 |
0 |
|a Životní prostředí měst a regionů /
|c Marta Opplová
|
| 250 |
|
|
|a 1. vyd.
|
| 260 |
|
|
|a Praha :
|b Vysoká škola ekonomická,
|c 1994
|
| 300 |
|
|
|a 238 s. :
|b il., mapy, plány
|
| 504 |
|
|
|a Obsahuje bibliografii
|
| 910 |
|
|
|a BOA001
|b 4-0999.142
|b TK-A-0255.349
|
| 920 |
|
|
|a 000136329
|
| 964 |
|
|
|a Prostředí životní - města - učebnice - školy vysoké
|
| 964 |
|
|
|a Města - prostředí životní - učebnice - školy vysoké
|
| 990 |
|
|
|a BK
|
| 996 |
7 |
|
|b 2610008782
|c 4-0999.142
|l MZK
|r Sklad / do 1 hodiny
|n 14
|p p.v.
|w 000014874
|u 000010
|a 1
|e BOA001
|j MZK50
|s A
|
| 996 |
7 |
|
|b 2629983094
|c TK-A-0255.349
|l MZK
|r Sklad / do 24 hodin
|n 1
|w 000014874
|u 000020
|a 1
|e BOA001
|j MZK50
|s A
|
| 996 |
7 |
|
|b 2629983459
|c TK-A-0255.349
|l MZK
|r Sklad / do 24 hodin
|n 0
|w 000014874
|u 000030
|a 1
|e BOA001
|j MZK50
|s A
|